Представление документа в формате RUSMARC

ПолеНазваниеЗначение
  Тип записи a
  Библиографический уровень m
001 Контрольный номер 904cf6c54d1b46d9b3fe3aced2f9462a
005 Дата корректировки 20251219144016.3
010 Индекс ISBN __
b Уточнения В пер.
d Цена 1500-00
100 Данные общей обработки __
a Данные общей обработки 20250530d2025 d y0rusy028902 ca
101 Язык документа 0_
a Язык текста rus
102 Страна публикации __
a Страна публикации RU
105 Кодированные данные (монография) __
a Кодированные данные (монография) y z 000yy
181 Поле кодированных данных: вид содержания _0
a Код вида содержания (ISBD) i
182 Поле кодированных данных: тип средства _0
a Код типа средства (ISBD) n
200 Заглавие и сведения об ответственности 1_
a Заглавие Кн. 1
203 Вид содержания и тип средства __
a Вид содержания Текст
c Тип средства непосредственный
210 Выходные данные 1_
d Дата издания 2025
215 Физическое описание __
a Объем 153 с.
d Формат 21 см
333 Примечание о целевом назначении __
a Примечание о целевом назначении 12+. Для детей старше 12 лет
461 Уровень набора _0
1 700 1
a Рыбаков
b А. Н.
g Анатолий Наумович
f 1911-1998
1 2001
a Бронзовая птица
e издание для слабовидящих : в 3 книгах
f Анатолий Рыбаков
v Кн. 1
1 2101
a Москва
c Чинар
d 2025
1 001b4a289e2a2974364886288444eea4500
1 203
a Текст
c непосредственный
1 2252
a Круг чтения
e издание для слабовидящих
606 Тематические рубрики __
2 Код системы nlr_sh
a Основная рубрика Художеcтвенная литература
606 Тематические рубрики __
2 Код системы nlr_sh
a Основная рубрика Русская литература XX в. (произведения)
610 Ключевые слова 0_
a Ключевые слова русская литература
610 Ключевые слова 0_
a Ключевые слова советская литература
610 Ключевые слова 0_
a Ключевые слова детская литература
610 Ключевые слова 0_
a Ключевые слова повести
610 Ключевые слова 0_
a Ключевые слова тема приключений
610 Ключевые слова 0_
a Ключевые слова приключения
610 Ключевые слова 0_
a Ключевые слова детские детективы
610 Ключевые слова 0_
a Ключевые слова экранизации
610 Ключевые слова 0_
a Ключевые слова экранизированные книги
610 Ключевые слова 0_
a Ключевые слова книги для незрячих
610 Ключевые слова 0_
a Ключевые слова чтение для слабовидящих
686 Индексы других классификаций __
2 Код системы rubbks
a Классификационный индекс 84(2=411.2)6-445я07; ст84(2=411.2)6-445я0
801 Источник записи _0
a Страна RU
b Организация Муниципальное бюджетное учреждение культуры "Централизованная библиотечная система" г. Сургут (Центральная городская библиотека им. А. С. Пушкина)
c Дата составления 20250530
g Правила каталогизации PSBO
801 Источник записи _1
a Страна RU
b Организация Муниципальное бюджетное учреждение культуры "Централизованная библиотечная система" г. Сургут (Центральная городская библиотека им. А. С. Пушкина)
c Дата составления 20250530
g Правила каталогизации PSBO
852 Данные о местонахождении __
i Авторский знак Р 93
j Шифр хранения 84(2=411.2)6-445я07
900 Макрообъекты __
a Макрообъекты Бронзовая птица. Т. 1. Рыбаков, А., 2025
901 Тип документа __
t Тип документа n
w Контрольный № источника b4a289e2a2974364886288444eea4500
a Ответственный КиК/Котельникова
903 Характеристики (МАРС) __
c Наименование библиотеки (МАРС) Муниципальное бюджетное учреждение культуры "Централизованная библиотечная система" г. Сургут (Центральная городская библиотека им. А. С. Пушкина)
a Дата передачи 20250530
969 Тип издания __
a Тип издания спецформат-крупношрифтовое
a Тип издания крупношрифтовое издание
a Тип издания издание для слепых
a Тип издания издание для детей
a Тип издания Ф
990 Данные о заказе (DOS) __
j Количество экземпляров (DOS) 1
t N записи в КСУ для И/У (DOS) 202507